Statistiques concernant Pays les plus proches de la Thaïlande - Sprint d'une minute

Cliquez ici pour prendre le quiz!

Statistiques générales

  • Ce quiz a été pris 78 fois
  • Le résultat moyen est 16 sur 20

Statistiques - réponses

kmpays% Correct
0Laos
100%
104Viêt Nam
99%
115Chine
97%
0Cambodge
96%
486Inde
96%
0Birmanie
90%
301Indonésie
90%
0Malaisie
88%
993Bhoutan
82%
1258Népal
81%
524Singapour
81%
579Bangladesh
79%
2053Japon
78%
1440Philippines
76%
1810Sri Lanka
75%
1734Taïwan
72%
1341Brunei
68%
2766Corée du Sud
65%
2648Pakistan
62%
2396Mongolie
57%

Distribution des résultats

Percentile par nombre de réponses

% des personnes avec chaque résultat

Votre développement - résultats

Vous n’avez pas pris ce quiz